न हम पूरे, न अधूरेः (Record no. 205693)

MARC details
000 -LEADER
fixed length control field 01662nam a22002537a 4500
005 - DATE AND TIME OF LATEST TRANSACTION
control field 20241224115727.0
010 ## - LCCN (DPL NO)
LC control number B-761033-041 07/24,CHHN B-761517
020 ## - INTERNATIONAL STANDARD BOOK NUMBER
Terms of availability 240.00
International Standard Book Number 9788196206117
035 ## - SYSTEM CONTROL NUMBER
System control number B-761033-041
035 ## - SYSTEM CONTROL NUMBER
System control number B-761517
037 ## - SOURCE OF ACQUISITION
Source of stock number/acquisition अद्विक पब्लिकेशन
Stock number 2023
037 ## - SOURCE OF ACQUISITION
Source of stock number/acquisition उपहार
082 ## - DEWEY DECIMAL CLASSIFICATION NUMBER
Classification number 371.91
245 ## - TITLE STATEMENT
Title न हम पूरे, न अधूरेः
Statement of responsibility, etc बाल विकलांग-विमर्श पर आधारित कथाएँ/
Remainder of title व्योमा मिश्र द्वारा संपादित
260 ## - PUBLICATION, DISTRIBUTION, ETC. (IMPRINT)
Place of publication, distribution, etc दिल्ली
Name of publisher, distributor, etc अद्विक पब्लिकेशन प्रा.लि.
Date of publication, distribution, etc 2023
270 ## - ADDRESS
Address 41 हसनपुर,आई.पी.एक्सटेंशन,पटपड़गंज
City दिल्ली
Postal code 110092
300 ## - PHYSICAL DESCRIPTION
Extent 118पृ.
Dimensions 24सेमी (अजिल्द)
Other physical details सचित्र
650 ## - SUBJECT ADDED ENTRY--TOPICAL TERM
Topical term or geographic name as entry element लघु कथा, हिन्दी
650 ## - SUBJECT ADDED ENTRY--TOPICAL TERM
Topical term or geographic name as entry element Short Stories, Hindi
700 ## - ADDED ENTRY--PERSONAL NAME
Personal name मिश्र, व्योमा
9 (RLIN) 71278
942 ## - ADDED ENTRY ELEMENTS (KOHA)
Source of classification or shelving scheme Dewey Decimal Classification
Item type Children Books
Classification part 371.91
Call number suffix नहम
Holdings
Withdrawn status Lost status Not for loan Collection code Home library Current library Date acquired Source of acquisition Cost, normal purchase price Full call number Barcode Copy number Cost, replacement price Koha item type Public note
      Non-fiction Ashok Vihar Ashok Vihar 29/10/2024 अद्विक पब्लिकेशन/058/24/25/17.09.2024/BAL/2023-24/229/03.09.2024/10.10.2024 240.00 371.91 नहम B-761034 1 240.00 Children Books  
      Non-fiction Bawana Bawana 29/10/2024 अद्विक पब्लिकेशन/058/24/25/17.09.2024/BAL/2023-24/229/03.09.2024/10.10.2024 240.00 371.91 नहम B-761040 1 240.00 Children Books  
      Non-fiction Central Jail Tihar Central Jail Tihar 29/10/2024 अद्विक पब्लिकेशन/058/24/25/17.09.2024/BAL/2023-24/229/03.09.2024/10.10.2024 240.00 371.91 नहम B-761035 1 240.00 Children Books  
      Non-fiction Central Library Central Library 29/10/2024 अद्विक पब्लिकेशन/058/24/25/17.09.2024/BAL/2023-24/229/03.09.2024/10.10.2024 240.00 371.91 नहम B-761033 1 240.00 Children Books  
      Non-fiction Central Library Central Library 24/12/2024 उपहार /18/12/2024 240.00 371.91 नहम B-761517 1 240.00 Children Books उपहार
      Non-fiction Narela Narela 29/10/2024 अद्विक पब्लिकेशन/058/24/25/17.09.2024/BAL/2023-24/229/03.09.2024/10.10.2024 240.00 371.91 नहम B-761039 1 240.00 Children Books  
      Non-fiction R.K.Puram-8 R.K.Puram-8 29/10/2024 अद्विक पब्लिकेशन/058/24/25/17.09.2024/BAL/2023-24/229/03.09.2024/10.10.2024 240.00 371.91 नहम B-761037 1 240.00 Children Books  
      Non-fiction RCZLS D RCZLS D 29/10/2024 अद्विक पब्लिकेशन/058/24/25/17.09.2024/BAL/2023-24/229/03.09.2024/10.10.2024 240.00 371.91 नहम B-761041 1 240.00 Children Books  
      Non-fiction Sarojini Nagar Sarojini Nagar 29/10/2024 अद्विक पब्लिकेशन/058/24/25/17.09.2024/BAL/2023-24/229/03.09.2024/10.10.2024 240.00 371.91 नहम B-761036 1 240.00 Children Books  
      Non-fiction Vinoba Puri Vinoba Puri 29/10/2024 अद्विक पब्लिकेशन/058/24/25/17.09.2024/BAL/2023-24/229/03.09.2024/10.10.2024 240.00 371.91 नहम B-761038 1 240.00 Children Books  

© Delhi Public Library
Hit Counter
free hit counter